| 000 | 00404nam a2200145Ia 4500 | ||
|---|---|---|---|
| 008 | 130318s9999 xx 000 0 und d | ||
| 020 | _a8184042167 | ||
| 082 | _a005.133J NAF/J | ||
| 100 | _aNaftalin, Maurice | ||
| 245 | _aJava generics and collections | ||
| 260 |
_bOreilly and Shroff Publishers and Distributors _aBeijing _c2007 |
||
| 300 | _a273 | ||
| 650 | _aJAVA GENERICS | ||
| 700 | _aWadler, Philip | ||
| 999 |
_c1343 _d1343 |
||